50 größte Agglomerationen, die mit K beginnen - Statistiken

Allgemein
  • Dieses Quiz wurde 44 mal gespielt
  • Das Durchschnittsergebnis liegt bei 20 aus 50
Antwortstatistiken
Einwohner Agglomeration Staat % Korrekt
24.000 Kairo Ägypten
100%
3.000 Kiew Ukraine
89%
4.400 Köln Deutschland
89%
6.000 Kabul Afghanistan
87%
15.000 Kinshasa DR Kongo
87%
7.000 Kuala Lumpur Malaysia
87%
4.500 Kuwait-Stadt Kuwait
87%
900 Krakau Polen
84%
5.000 Kapstadt Südafrika
82%
1.400 Kopenhagen Dänemark
76%
3.000 Kathmandu Nepal
74%
18.000 Kolkata Indien
74%
1.000 Kingston Jamaica
71%
19.000 Karachi Pakistan
68%
5.500 Kampala Uganda
66%
7.500 Khartum Sudan
66%
2.000 Kigali Ruanda
58%
5.500 Kano Nigeria
50%
1.600 Kattowitz Polen
42%
1.250 Krasnodar Russland
34%
4.000 Kumasi Ghana
34%
6.000 Kunming China [Yunnan]
34%
1.000 Kandahar Afghanistan
32%
1.400 Kazan Russland
32%
1.850 Kansas City USA
29%
4.000 Kanpur Indien
26%
2.600 Kaohsiung Taiwan
26%
1.300 Krasnojarsk Russland
24%
1.600 Kananga DR Kongo
21%
1.200 Kayseri Türkei
21%
1.000 Kisangani DR Kongo
21%
2.400 Kochi Indien
21%
1.500 Konya Türkei
21%
2.100 Kaduna Nigeria
18%
1.300 Kaifeng China [Henan]
18%
1.200 Kirkuk Irak
18%
1.450 Kitakyūshū Japan
18%
1.250 Kota Indien
18%
1.500 Kozhikode Indien
16%
900 Kumamoto Japan
16%
800 Kannur Indien
13%
1.600 Karawang Indonesien
13%
1.100 Kollam Indien
13%
800 Kottayam Indien
11%
800 Kerbala Irak
5%
900 Kota Kinabalu Malaysia
5%
1.100 Kermanshah Iran
3%
1.100 Khamīs Mushaīt Saudi-Arabien
0%
1.000 Kitwe Sambia
0%
1.200 Kolwezi DR Kongo
0%
Keine übereinstimmenden Quizze gefunden
Verteilung der Resultate
Anzahl Personen mit jedem Resultat
Perzentil nach korrekt beantworteten Fragen
Ihre Resultats-Entwicklung
Sie haben dieses Quiz noch nicht gespielt